000 00676nam a2200217 a 4500
001 BRCA_5546
005 20190320205127.0
008 280311s1950----gw-a######---#000-0#ger-#
041 _ager
044 _agw
050 4 _aNK4380
_b.M45 1950
245 1 0 _aMeissener Porzellan des 18 Jahrhunderts Hetjens-Museum Der Kunstsammlungen.
260 _aAlemania
_c1950
300 _a28 p.
_bil.
_c21 cm.
_eFolleto con nombres de piezas de porcelana
500 _aF22
650 1 4 _aMeissen, porcelana de
_vCatálogos
_ySiglo XVIII
_zAlemania
_914151
650 1 4 _aArte
_ySiglo XVIII
_zAlemania
_914152
710 2 _aMuseum Der Kunstsammlungen
_914153
902 _aGFM
942 _2lcc
_cB
999 _c5240
_d5240